• 首页
  • 本馆介绍
  • 公告通知
  • 最新文献
  • 馆藏检索
  • 电子资源
  • 读者导购
  • 参考咨询
  • 我的图书馆
  • 登录
  • 详细信息显示
  • 放入我的书架
  • 预约/预借图书
  • 作者相关作品
  • 分类相关作品
  • 丛书相关作品
  • 出版社相关作品

书目信息

  • 表格格式
  • 工作单格式
  • 卡片格式
题名:
旅游企业战略管理
    
 
作者: 马桂顺 编著
分册:  
出版信息: 北京   中国旅游出版社  2008.01
页数: 272页
开本: 21cm
丛书名:
单 册:
中图分类: F590.6
科图分类:
主题词: 旅游业--企业管理--高等学校--教材
电子资源:
ISBN: 978-7-5032-3255-8
000 00916nam0 2200253 450
001 012004206386
005 20091207094842.92
010    @a978-7-5032-3255-8@dCNY18.00
100    @a20080123d2008 em y0chiy0110 ea
101 0  @achi
102    @aCN@b110000
105    @ay z 000yy
106    @ar
200 1  @a旅游企业战略管理@9lv you qi ye zhan lue guan li@dStrategic management of tourist enterprises@f马桂顺编著@zeng
210    @a北京@c中国旅游出版社@d2008.01
215    @a272页@d21cm
300    @a中国旅游协会推荐教材 旅游管理专业新视野教材
330    @a本书将战略管理的基本理论与方法同旅游企业的战略有机地结合起来,系统阐述了旅游企业战略管理的基本原理与构架。
510 1  @aStrategic management of tourist enterprises@zeng
606 0  @a旅游业@x企业管理@x高等学校@j教材
690    @aF590.6@v4
701  0 @a马桂顺@9ma gui shun@4编著
801  0 @aCN@bNLC@c20091207
905    @b20796983-88@dF590.6@e254@f6
    
    旅游企业战略管理=Strategic management of tourist enterprises/马桂顺编著.-北京:中国旅游出版社,2008.01
    272页;21cm
    中国旅游协会推荐教材 旅游管理专业新视野教材
    
    ISBN 978-7-5032-3255-8:CNY18.00
    本书将战略管理的基本理论与方法同旅游企业的战略有机地结合起来,系统阐述了旅游企业战略管理的基本原理与构架。
●
相关链接 在E读中查询图书 在五车中查询图书 在当当中查询图书 在豆瓣中查询图书


正题名:旅游企业战略管理     索取号:F590.6/254         预约/预借

序号 登录号 条形码 馆藏地/架位号 状态 备注
1 796983   207969830   第一样本阅览室/ [索取号:F590.6/254] 在馆    
2 796984   207969849   第一借阅区/ [索取号:F590.6/254] 在馆    
3 796985   207969858   第一借阅区/ [索取号:F590.6/254] 在馆    
4 796986   207969867   第一借阅区/ [索取号:F590.6/254] 在馆    
5 796987   207969876   第一借阅区/ [索取号:F590.6/254] 在馆    
6 796988   207969885   密集书库-资源管理系/ [索取号:F590.6/254] 在馆    
唐山师范学院图书馆 欢迎您!
大连网信软件有限公司© 版权所有